[Event "WchT Blitz Pool C"]
[Site "London"]
[Date "2025.06.14"]
[Round "6.2"]
[White "Derakhshani, Borna"]
[Black "Ibarra Jerez, Jose Carlos"]
[Result "1/2-1/2"]
[WhiteElo "2348"]
[BlackElo "2545"]
[PlyCount "149"]
[EventDate "2025.06.14"]
[EventType "team-tourn"]
[EventRounds "13"]
[EventCountry "ENG"]
[SourceTitle "CB25_2025"]
[SourceDate "2025.06.18"]
[SourceVersion "1"]
[SourceVersionDate "2025.06.18"]
[SourceQuality "1"]
[WhiteTeam "Wood Green Youth"]
[BlackTeam "Duobeniajan Costa Calida"]
[WhiteTeamCountry "ENG"]
[BlackTeamCountry "ESP"]

1. e4 c5 2. Nf3 Nc6 3. Bb5 e6 4. 0-0 Nd4 5. Nxd4 cxd4 6. c3 a6 7. Be2 Bc5 8. Na3 Ne7 9. Nc2 d5 10. cxd4 Ba7 11. d3 0-0 12. Be3 Nc6 13. e5 Bd7 14. f4 Rc8 15. Kh1 Ne7 16. g4 Qb6 17. b3 Rc6 18. Rf2 Rfc8 19. Bf1 a5 20. Ne1 Rc3 21. Nf3 a4 22. bxa4 Qa6 23. a5 Ra3 24. Bd2 Nc6 25. Be3 Qxa5 26. f5 Qa4 27. Rb2 Qxd1 28. Rxd1 exf5 29. Rxb7 Be6 30. gxf5 Bxf5 31. Rc1 h6 32. Bg2 Rxd3 33. Bg1 Ra3 34. Rb2 Ne7 35. Rxc8+ Bxc8 36. Ne1 Bf5 37. Nc2 Ra4 38. Nb4 Be6 39. Bf3 Nf5 40. Bd1 Ra3 41. Bb3 Nxd4 42. Bxd5 Nf5 43. Bxa7 Rxa7 44. Bxe6 fxe6 45. Rb1 Ra5 46. Re1 Ra4 47. Rb1 Ra5 48. Re1 Nd4 49. Kg2 Rb5 50. a3 Ra5 51. Re3 Nf5 52. Rc3 Rxe5 53. a4 Re4 54. Rb3 Re3 55. Rxe3 Nxe3+ 56. Kf3 Nc4 57. Ke4 Kf7 58. Kd4 Na5 59. Kc5 e5 60. Kb5 Nb3 61. a5 Nxa5 62. Kxa5 Ke6 63. Kb5 Kf5 64. Kc4 Ke4 65. Kc3 Ke3 66. Nd5+ Kf3 67. Kd3 g5 68. Nf6 g4 69. Kd2 e4 70. Ke1 e3 71. Kf1 e2+ 72. Ke1 Kg2 73. Nxg4 h5 74. Nf6 Kxh2 75. Nxh5 1/2-1/2

[Event "WchT Blitz Pool C"]
[Site "London"]
[Date "2025.06.14"]
[Round "11.2"]
[White "Ibarra Jerez, Jose Carlos"]
[Black "Kiremitciyan, Ari"]
[Result "1-0"]
[WhiteElo "2545"]
[BlackElo "2271"]
[PlyCount "79"]
[EventDate "2025.06.14"]
[EventType "team-tourn"]
[EventRounds "13"]
[EventCountry "ENG"]
[SourceTitle "CB25_2025"]
[SourceDate "2025.06.18"]
[SourceVersion "1"]
[SourceVersionDate "2025.06.18"]
[SourceQuality "1"]
[WhiteTeam "Duobeniajan Costa Calida"]
[BlackTeam "ANI"]
[WhiteTeamCountry "ESP"]
[BlackTeamCountry "ENG"]

1. e4 c6 2. Nf3 d5 3. d3 dxe4 4. dxe4 Qxd1+ 5. Kxd1 Nf6 6. Nbd2 g6 7. Ne5 Be6 8. Nd3 Bh6 9. f3 Nfd7 10. h4 Na6 11. h5 0-0-0 12. c3 Ndc5 13. Kc2 Nxd3 14. Bxd3 Nc5 15. Be2 b6 16. b4 Na4 17. Nb3 Bxc1 18. Raxc1 Kc7 19. Nd4 Bc8 20. Bc4 e5 21. Ne2 f6 22. Bb3 Ba6 23. c4 b5 24. c5 Bc8 25. h6 a5 26. a3 axb4 27. axb4 f5 28. Ng3 fxe4 29. Nxe4 Bf5 30. Rhe1 Rd4 31. Bxa4 bxa4 32. Kc3 Rb8 33. Rb1 Bxe4 34. Rxe4 Rxe4 35. fxe4 Rf8 36. Ra1 Rf4 37. Rxa4 Rxe4 38. Ra7+ Kb8 39. Rxh7 Rg4 40. Rg7 1-0

[Event "WchT Blitz Pool C"]
[Site "London"]
[Date "2025.06.14"]
[Round "12.2"]
[White "Krivenko, Dion"]
[Black "Ibarra Jerez, Jose Carlos"]
[Result "0-1"]
[WhiteElo "2243"]
[BlackElo "2545"]
[PlyCount "76"]
[EventDate "2025.06.14"]
[EventType "team-tourn"]
[EventRounds "13"]
[EventCountry "ENG"]
[SourceTitle "CB25_2025"]
[SourceDate "2025.06.18"]
[SourceVersion "1"]
[SourceVersionDate "2025.06.18"]
[SourceQuality "1"]
[WhiteTeam "OlalaStars"]
[BlackTeam "Duobeniajan Costa Calida"]
[WhiteTeamCountry "EST"]
[BlackTeamCountry "ESP"]

1. Nc3 c5 2. d4 cxd4 3. Qxd4 Nc6 4. Qd3 Nf6 5. e4 d6 6. Be2 g6 7. Nf3 Bg7 8. 0-0 0-0 9. Nd5 Nd7 10. c3 a5 11. Bg5 h6 12. Be3 Nc5 13. Bxc5 dxc5 14. Qb5 Qd6 15. Nb6 Rb8 16. Rad1 Qf4 17. Qxc5 Qxe4 18. Bb5 Bg4 19. Rfe1 Qf4 20. Nd5 Qf5 21. Bxc6 Kh8 22. Bb5 Bxf3 23. gxf3 e6 24. Bd7 Qg5+ 25. Kh1 exd5 26. Qxd5 Qf6 27. Kg2 b6 28. Bh3 Rbd8 29. Qb5 Kh7 30. a4 Rxd1 31. Rxd1 Qf4 32. Qd5 Be5 33. Rh1 Qg5+ 34. Kf1 Rd8 35. Qb3 Kg7 36. Bg4 h5 37. h4 Qf4 38. Bh3 Qxf3 0-1

[Event "WchT Rapid"]
[Site "London"]
[Date "2025.06.11"]
[Round "1.2"]
[White "Ibarra Jerez, Jose Carlos"]
[Black "Khoury, Theo"]
[Result "1-0"]
[WhiteElo "2541"]
[BlackElo "2144"]
[PlyCount "97"]
[EventDate "2025.06.11"]
[EventType "team-swiss"]
[EventRounds "12"]
[EventCountry "ENG"]
[SourceTitle "CB25_2025"]
[SourceDate "2025.06.18"]
[SourceVersion "1"]
[SourceVersionDate "2025.06.18"]
[SourceQuality "1"]
[WhiteTeam "Duobeniajan Costa Calida"]
[BlackTeam "Chess Trust Accelerators"]
[WhiteTeamCountry "ESP"]
[BlackTeamCountry "ENG"]

1. e4 c5 2. Ne2 Nf6 3. Nbc3 d6 4. d4 cxd4 5. Nxd4 a6 6. g3 e5 7. Nb3 Be7 8. Bg5 Be6 9. Bxf6 Bxf6 10. Qd3 0-0 11. 0-0-0 Qb6 12. h4 a5 13. Bh3 a4 14. Nd2 a3 15. b3 Rc8 16. Nd5 Qd8 17. Nc4 Nc6 18. Ncb6 Nb4 19. Nxb4 Qxb6 20. Nd5 Qd8 21. Kb1 Rc5 22. Ne3 Ra6 23. c4 Qc8 24. Bxe6 fxe6 25. f4 exf4 26. gxf4 b5 27. cxb5 Rc3 28. Rc1 Rac6 29. Qd2 R6c5 30. e5 dxe5 31. Ng4 exf4 32. Nxf6+ gxf6 33. Rxc3 Rxc3 34. Qxf4 Qd8 35. Rg1+ Kf7 36. Qe4 Qd3+ 37. Qxd3 Rxd3 38. Rc1 Rd5 39. b6 f5 40. Rc7+ Kg6 41. b7 Rb5 42. Kc2 f4 43. Kd3 e5 44. Kc4 Rb6 45. Kc5 Rxb7 46. Rxb7 f3 47. Rb8 Kf7 48. Rd8 Ke6 49. Rf8 1-0

[Event "WchT Rapid"]
[Site "London"]
[Date "2025.06.11"]
[Round "3.2"]
[White "Reimanis, Ritvars"]
[Black "Ibarra Jerez, Jose Carlos"]
[Result "0-1"]
[WhiteElo "2331"]
[BlackElo "2541"]
[PlyCount "146"]
[EventDate "2025.06.11"]
[EventType "team-swiss"]
[EventRounds "12"]
[EventCountry "ENG"]
[SourceTitle "CB25_2025"]
[SourceDate "2025.06.18"]
[SourceVersion "1"]
[SourceVersionDate "2025.06.18"]
[SourceQuality "1"]
[WhiteTeam "The MongolZ"]
[BlackTeam "Duobeniajan Costa Calida"]
[WhiteTeamCountry "MGL"]
[BlackTeamCountry "ESP"]

1. d4 Nf6 2. Nf3 g6 3. c4 d6 4. Nc3 Bf5 5. Bg5 Ne4 6. Nxe4 Bxe4 7. Nd2 Bf5 8. e4 Bd7 9. Be2 Bg7 10. Be3 c5 11. d5 Na6 12. Rb1 Nc7 13. b4 cxb4 14. Rxb4 b6 15. Rb1 Na6 16. Nb3 0-0 17. Bd4 e5 18. dxe6 Bxe6 19. 0-0 Rc8 20. Bxg7 Kxg7 21. Qd4+ Qf6 22. Rfd1 Rfd8 23. f4 Nb4 24. Rb2 Nc6 25. Qxf6+ Kxf6 26. Nd4 Ke7 27. Nb5 Rd7 28. Rbd2 Rcd8 29. g4 f6 30. Nd4 Nxd4 31. Rxd4 g5 32. Kf2 Rc8 33. Ke3 Rc5 34. f5 Bf7 35. R1d2 Ra5 36. Kf2 Ra3 37. Bf1 Rc3 38. Be2 Ra3 39. Kg2 Ra4 40. Kf2 Rb4 41. Kg2 Rb1 42. Kf2 Rc1 43. Kg2 Rd8 44. Kf2 Be8 45. Bd1 Rc3 46. Be2 Bc6 47. Bf3 Rd7 48. Be2 Bb7 49. Bf3 Ra3 50. Be2 Rd8 51. Bf3 Ra5 52. Bg2 Rd7 53. Bf3 Rc5 54. Be2 Re5 55. Bf3 Rd8 56. Rd1 Bc6 57. R1d2 Be8 58. Kg3 Rc8 59. h4 h6 60. hxg5 hxg5 61. Rh2 Bf7 62. Rhd2 Rc6 63. Be2 Rec5 64. Rc2 b5 65. Rc3 b4 66. Rc2 Ra5 67. Rb2 Ra3+ 68. Rb3 Rxa2 69. Rxb4 Rxe2 70. Rb7+ Ke8 71. c5 Rxc5 72. Kf3 Rec2 73. Rxd6 R5c3+ 0-1

[Event "Titled Tuesday intern op 03rd Jan Late"]
[Site "Chess.com INT"]
[Date "2025.06.03"]
[Round "2"]
[White "Ibarra Jerez, Jose Carlos"]
[Black "Deng, Henry"]
[Result "1/2-1/2"]
[WhiteElo "2545"]
[BlackElo "2327"]
[PlyCount "195"]
[EventDate "2025.06.03"]
[EventType "swiss (blitz)"]
[EventRounds "11"]
[EventCountry "USA"]
[SourceTitle "CB24_2025"]
[SourceDate "2025.06.11"]
[SourceVersion "1"]
[SourceVersionDate "2025.06.11"]
[SourceQuality "1"]

1. e4 c5 2. Nf3 e6 3. d4 cxd4 4. Nxd4 Nf6 5. Nc3 Nc6 6. Ndb5 Bb4 7. e5 Nxe5 8. Bf4 d6 9. a3 Bxc3+ 10. Nxc3 0-0 11. Qd2 Nd5 12. Nxd5 exd5 13. Be2 Be6 14. 0-0 Rc8 15. c3 Nc4 16. Bxc4 Rxc4 17. Be3 a6 18. Bd4 Bf5 19. Rae1 Rc8 20. Re3 Qd7 21. Rg3 Bg6 22. h4 f6 23. Qd1 Qf5 24. Qb3 Rf7 25. Re1 h5 26. Rf3 Qg4 27. Qxd5 Kh7 28. Qxd6 Rd7 29. Qh2 Rcc7 30. Rfe3 Qf5 31. Qg3 Rc8 32. Kh2 Rcc7 33. R1e2 Qg4 34. Qxg4 hxg4 35. Kg3 Bh5 36. Re6 Kg6 37. a4 Kf5 38. a5 Rd5 39. Re7 Rdd7 40. R7e6 Rd5 41. R6e4 Rf7 42. Rf4+ Kg6 43. b4 Rc7 44. Re6 Kf7 45. Re3 Kg6 46. Kh2 Kf7 47. Kg1 Rdd7 48. Rfe4 Re7 49. Bc5 Rxe4 50. Rxe4 Kg6 51. f3 Kf5 52. Kf2 gxf3 53. gxf3 Rd7 54. Bd4 Bf7 55. Kg3 Bd5 56. Re8 Kg6 57. Kf4 Kh5 58. Rh8+ Kg6 59. h5+ Kf7 60. h6 gxh6 61. Rxh6 Rd6 62. Rh7+ Kg6 63. Rc7 Rc6 64. Rd7 Bc4 65. Rxb7 Bb5 66. Ke3 Kf5 67. Kf2 Bc4 68. Ke3 Bb5 69. Kd2 Bc4 70. Kc2 Kf4 71. Rb6 Rxb6 72. axb6 Bd5 73. c4 Bb7 74. Bxf6 Kxf3 75. Kd3 Kf4 76. Kd4 Kf5 77. Bh4 Ke6 78. Kc5 Kd7 79. Bg3 Ba8 80. Be5 Bb7 81. Bh2 Ba8 82. Kd4 Kc6 83. Bg3 Kxb6 84. Ke5 Kc6 85. Bf2 Bb7 86. Ke6 Ba8 87. Ke7 Bb7 88. Kd8 Kd6 89. Bg3+ Kc6 90. Bf4 a5 91. b5+ Kc5 92. Kc7 Be4 93. b6 Kxc4 94. Bd6 a4 95. Bf8 Kb3 96. b7 Bxb7 97. Kxb7 a3 98. Bxa3 1/2-1/2

[Event "Titled Tuesday intern op 03rd Jan Late"]
[Site "Chess.com INT"]
[Date "2025.06.03"]
[Round "11"]
[White "Postny, Evgeny"]
[Black "Ibarra Jerez, Jose Carlos"]
[Result "0-1"]
[WhiteElo "2525"]
[BlackElo "2545"]
[PlyCount "68"]
[EventDate "2025.06.03"]
[EventType "swiss (blitz)"]
[EventRounds "11"]
[EventCountry "USA"]
[SourceTitle "CB24_2025"]
[SourceDate "2025.06.11"]
[SourceVersion "1"]
[SourceVersionDate "2025.06.11"]
[SourceQuality "1"]

1. Nf3 Nf6 2. c4 d6 3. d4 g6 4. Nc3 Bf5 5. g3 Ne4 6. Bg2 Nxc3 7. bxc3 Be4 8. 0-0 Bg7 9. Ne1 Bxg2 10. Nxg2 0-0 11. e4 c5 12. Qd3 Qa5 13. Be3 Nc6 14. Nf4 Rac8 15. Rfb1 b6 16. a4 Qa6 17. Rb5 cxd4 18. cxd4 e5 19. Nd5 exd4 20. Bf4 Be5 21. Qf3 Bg7 22. Bxd6 Rfd8 23. Nf6+ Kh8 24. e5 Na5 25. Be7 Nxc4 26. Bxd8 Rxd8 27. Qc6 Rc8 28. Qd5 d3 29. Qxf7 d2 30. Rd5 Nxe5 31. Rxe5 Rc1+ 32. Kg2 Qf1+ 33. Kf3 d1Q+ 34. Kf4 Bh6+ 0-1

[Event "Titled Tuesday intern op 20th May Late"]
[Site "Chess.com INT"]
[Date "2025.05.20"]
[Round "1"]
[White "Ibarra Jerez, Jose Carlos"]
[Black "Alahakoon, Isuru"]
[Result "1-0"]
[WhiteElo "2545"]
[BlackElo "1939"]
[PlyCount "65"]
[EventDate "2025.05.20"]
[EventType "swiss (blitz)"]
[EventRounds "11"]
[EventCountry "USA"]
[SourceTitle "CB22_2025"]
[SourceDate "2025.05.28"]
[SourceVersion "1"]
[SourceVersionDate "2025.05.28"]
[SourceQuality "1"]

1. e4 d5 2. exd5 Qxd5 3. Nc3 Qa5 4. d4 Nf6 5. Bc4 Bg4 6. f3 Bh5 7. g4 Bg6 8. f4 e6 9. Bd2 Bb4 10. f5 exf5 11. g5 Ne4 12. Nxe4 fxe4 13. c3 Be7 14. Qb3 Nd7 15. Qxb7 Rb8 16. Qd5 Qxd5 17. Bxd5 Rxb2 18. Bb3 0-0 19. h4 Bh5 20. Ne2 e3 21. Rd1 Bd6 22. Rh3 exd2+ 23. Rxd2 Rb1+ 24. Kf2 Bxe2 25. Rxe2 Nb6 26. h5 a5 27. g6 a4 28. Bxf7+ Kh8 29. Kg2 Nd7 30. Re6 Nf6 31. h6 hxg6 32. Bxg6 a3 33. Bxb1 1-0

[Event "Titled Tuesday intern op 20th May Late"]
[Site "Chess.com INT"]
[Date "2025.05.20"]
[Round "7"]
[White "Ibarra Jerez, Jose Carlos"]
[Black "Bukreev, Stanislav"]
[Result "0-1"]
[WhiteElo "2545"]
[BlackElo "2328"]
[PlyCount "104"]
[EventDate "2025.05.20"]
[EventType "swiss (blitz)"]
[EventRounds "11"]
[EventCountry "USA"]
[SourceTitle "CB22_2025"]
[SourceDate "2025.05.28"]
[SourceVersion "1"]
[SourceVersionDate "2025.05.28"]
[SourceQuality "1"]

1. e4 e6 2. d4 d5 3. Nc3 Nf6 4. Bg5 dxe4 5. Nxe4 Nbd7 6. Nf3 h6 7. Bxf6 Nxf6 8. Nxf6+ Qxf6 9. Bd3 Bd7 10. Be4 0-0-0 11. Qe2 Kb8 12. 0-0-0 c5 13. d5 Bd6 14. Rhe1 Rhe8 15. Qd3 exd5 16. Bxd5 Rxe1 17. Rxe1 Bc6 18. c4 Bxd5 19. cxd5 c4 20. Qc3 Qf5 21. g3 Qxd5 22. Nd2 Qd3 23. Nxc4 Bc5 24. Qxd3 Rxd3 25. Re2 Rf3 26. Ne5 Rxf2 27. Rxf2 Bxf2 28. Nxf7 Bg1 29. h3 Bh2 30. g4 Kc7 31. Kc2 Kd7 32. g5 h5 33. g6 Bf4 34. Kd3 Ke7 35. Ke4 Bc1 36. b3 Kf6 37. Ne5 Bb2 38. Nc4 Bc1 39. Nd6 b6 40. Nc8 Kxg6 41. Nxa7 Kg5 42. Nc8 b5 43. Nd6 b4 44. Nf5 g6 45. Nd4 Kh4 46. Ne2 Bd2 47. Ng1 Kg3 48. Ke5 Kg2 49. Ne2 Kxh3 50. Kf6 g5 51. Kf5 g4 52. Ke4 h4 0-1

[Event "Titled Tuesday intern op 20th May Late"]
[Site "Chess.com INT"]
[Date "2025.05.20"]
[Round "8"]
[White "Ibarra Jerez, Jose Carlos"]
[Black "Mendes Domingues, Ribeiro Matheus"]
[Result "1-0"]
[WhiteElo "2545"]
[BlackElo "2294"]
[PlyCount "145"]
[EventDate "2025.05.20"]
[EventType "swiss (blitz)"]
[EventRounds "11"]
[EventCountry "USA"]
[SourceTitle "CB22_2025"]
[SourceDate "2025.05.28"]
[SourceVersion "1"]
[SourceVersionDate "2025.05.28"]
[SourceQuality "1"]

1. e4 e6 2. d4 d5 3. Nc3 Nf6 4. Bg5 Bb4 5. e5 h6 6. Bd2 Bxc3 7. bxc3 Ne4 8. Bc1 c5 9. Ne2 cxd4 10. cxd4 Nc6 11. c3 0-0 12. h4 f6 13. f3 fxe5 14. fxe4 exd4 15. Nxd4 Qf6 16. Be3 Qg6 17. Qc2 Ne5 18. 0-0-0 dxe4 19. h5 Qg3 20. Rh3 Qg4 21. Rh1 Qg3 22. Qxe4 Ng4 23. Rh3 Nf2 24. Bxf2 Qxf2 25. Bd3 Qf4+ 26. Qxf4 Rxf4 27. Bc4 Kh7 28. Re1 e5 29. Rxe5 Bxh3 30. gxh3 Rc8 31. Bd3+ Kh8 32. Kd2 Rcf8 33. Ne6 Rf2+ 34. Ke1 R8f6 35. Bc4 R2f3 36. Kd2 Rf2+ 37. Kc1 R2f3 38. Kb2 Rf2+ 39. Kb3 a6 40. a4 R2f3 41. Nd4 Rf2 42. a5 Rf8 43. Re7 Rb8 44. Bd5 Rf6 45. Rxb7 Rd8 46. Bc4 g5 47. Rb6 Rxb6+ 48. axb6 Rb8 49. Bxa6 Rxb6+ 50. Bb5 Kh7 51. c4 Kg7 52. c5 Rb8 53. c6 Kf6 54. Kc4 Ke7 55. Kc5 Kd8 56. Ne6+ Ke7 57. c7 Rh8 58. Kd5 Rg8 59. Ba6 Kd7 60. c8Q+ Rxc8 61. Bxc8+ Ke7 62. Ng7 Kf6 63. Nf5 g4 64. hxg4 Kg5 65. Ne3 Kf4 66. Kd4 Kg5 67. Ke4 Kf6 68. Kf4 Kg7 69. Bb7 Kh7 70. Bf3 Kg7 71. Nf5+ Kh7 72. Be4 Kh8 73. Nxh6 1-0

[Event "Titled Tuesday intern op 20th May Late"]
[Site "Chess.com INT"]
[Date "2025.05.20"]
[Round "3"]
[White "Ibarra Jerez, Jose Carlos"]
[Black "Roebers, Eline"]
[Result "1-0"]
[WhiteElo "2545"]
[BlackElo "2361"]
[PlyCount "63"]
[EventDate "2025.05.20"]
[EventType "swiss (blitz)"]
[EventRounds "11"]
[EventCountry "USA"]
[SourceTitle "CB22_2025"]
[SourceDate "2025.05.28"]
[SourceVersion "1"]
[SourceVersionDate "2025.05.28"]
[SourceQuality "1"]

1. e4 c5 2. Nf3 e6 3. d3 Nc6 4. g3 Nf6 5. Bg2 d5 6. Qe2 Be7 7. 0-0 0-0 8. e5 Nd7 9. c4 dxc4 10. dxc4 Qc7 11. Bf4 a6 12. Nc3 Rb8 13. Rad1 b5 14. h4 bxc4 15. Rfe1 Rb4 16. Ng5 h6 17. Nf3 Qb6 18. Nd2 Nd4 19. Qg4 Kh8 20. a3 Rxb2 21. Nxc4 Qb3 22. Nxb2 Qxc3 23. Nd3 Qxa3 24. Qh5 f5 25. exf6 Nxf6 26. Qg6 Qa4 27. Rc1 Nb3 28. Rc3 Bd7 29. Ne5 Be8 30. Qc2 Nd4 31. Ng6+ Kh7 32. Nxf8+ 1-0

[Event "Titled Tuesday intern op 06th May Early"]
[Site "Chess.com INT"]
[Date "2025.05.06"]
[Round "6"]
[White "Ibarra Jerez, Jose Carlos"]
[Black "Cordoba Roa, Angel Gabriel"]
[Result "1-0"]
[WhiteElo "2545"]
[BlackElo "2394"]
[PlyCount "69"]
[EventDate "2025.05.06"]
[EventType "swiss (blitz)"]
[EventRounds "11"]
[EventCountry "USA"]
[SourceTitle "CB20_2025"]
[SourceDate "2025.05.14"]
[SourceVersion "1"]
[SourceVersionDate "2025.05.14"]
[SourceQuality "1"]

1. e4 c5 2. Nf3 d6 3. d4 cxd4 4. Nxd4 Nf6 5. Nc3 g6 6. Be3 Nc6 7. f3 h5 8. Bc4 Bd7 9. Bb3 Bg7 10. Qd2 Ne5 11. 0-0-0 Rc8 12. Kb1 Nc4 13. Bxc4 Rxc4 14. h3 h4 15. Rhe1 Qa5 16. Nb3 Qc7 17. Bd4 Rh5 18. Qe3 b5 19. e5 dxe5 20. Bxe5 Qb6 21. Bd4 Qe6 22. Qd3 Qf5 23. Qe2 Be6 24. Bxa7 b4 25. Na4 Qb5 26. Nac5 Rhxc5 27. Bxc5 Rxc5 28. Nxc5 Qxc5 29. Qa6 Bd5 30. Qa4+ Kf8 31. Re4 Kg8 32. Qxb4 Nxe4 33. Qb8+ Kh7 34. fxe4 Bxe4 35. Qb3 1-0

[Event "Titled Tuesday intern op 06th May Early"]
[Site "Chess.com INT"]
[Date "2025.05.06"]
[Round "10"]
[White "Ibarra Jerez, Jose Carlos"]
[Black "Jake, Shanty"]
[Result "1-0"]
[WhiteElo "2545"]
[BlackElo "2252"]
[PlyCount "77"]
[EventDate "2025.05.06"]
[EventType "swiss (blitz)"]
[EventRounds "11"]
[EventCountry "USA"]
[SourceTitle "CB20_2025"]
[SourceDate "2025.05.14"]
[SourceVersion "1"]
[SourceVersionDate "2025.05.14"]
[SourceQuality "1"]

1. e4 c5 2. Nf3 d6 3. d4 cxd4 4. Nxd4 Nf6 5. Nc3 a6 6. Be3 e5 7. Nf3 Be7 8. Bc4 Be6 9. Bxe6 fxe6 10. Ng5 Qd7 11. Qf3 Nc6 12. Qh3 Nd8 13. 0-0-0 0-0 14. f4 exf4 15. e5 h6 16. exf6 Bxf6 17. Bxf4 hxg5 18. Bxd6 Rf7 19. Ne4 Qa4 20. Nxf6+ Rxf6 21. Be7 Rf2 22. Qb3 Qxb3 23. axb3 Nc6 24. Bxg5 Rxg2 25. h4 Rc8 26. c3 Na5 27. Rhe1 Nxb3+ 28. Kb1 Rc6 29. Rd8+ Kh7 30. Rd7 Rb6 31. Be3 Rb5 32. h5 Nc5 33. Bxc5 Rgxb2+ 34. Ka1 R2b3 35. Bb4 a5 36. Ka2 a4 37. Rg1 Rxh5 38. Rdxg7+ Kh6 39. R1g6# 1-0

[Event "Menorca op-A 4th"]
[Site "Ciutadella"]
[Date "2025.04.25"]
[Round "6"]
[White "Ibarra Jerez, Jose Carlos"]
[Black "Zanan, Evgeny"]
[Result "1/2-1/2"]
[WhiteElo "2559"]
[BlackElo "2454"]
[PlyCount "123"]
[EventDate "2025.04.22"]
[EventType "swiss"]
[EventRounds "9"]
[EventCountry "ESP"]
[SourceTitle "CB18_2025"]
[SourceDate "2025.04.30"]
[SourceVersion "1"]
[SourceVersionDate "2025.04.30"]
[SourceQuality "1"]

1. e4 e5 2. Nf3 Nc6 3. Bc4 Nf6 4. d3 d5 5. exd5 Nxd5 6. 0-0 Bg4 7. Re1 Bb4 8. c3 Be7 9. a4 0-0 10. a5 Qd6 11. Nbd2 Rad8 12. h3 Bc8 13. Qb3 a6 14. Ne4 Qd7 15. Ng3 f6 16. Nf5 Qxf5 17. Bxd5+ Kh8 18. d4 Bd6 19. dxe5 Nxe5 20. Bxb7 Bxb7 21. Qxb7 Nd3 22. Rf1 Nc5 23. Qc6 Nb3 24. Ra4 Nxa5 25. Qxa6 Nb3 26. Qc4 Qc2 27. Qe4 Qxe4 28. Rxe4 Rfe8 29. Rxe8+ Rxe8 30. Be3 Kg8 31. Rd1 Kf7 32. Nd2 Nxd2 33. Rxd2 g5 34. Kf1 Kg6 35. b4 f5 36. Ra2 f4 37. Bd4 h5 38. f3 g4 39. hxg4 hxg4 40. Ra5 g3 41. b5 Re7 42. Ra6 Kf5 43. Ra2 Re8 44. Ra5 Be5 45. b6 cxb6 46. Rb5 Re6 47. c4 Kf6 48. Bxe5+ Rxe5 49. Rxb6+ Kf5 50. Rb5 Ke6 51. Rb6+ Kf5 52. Rb1 Rc5 53. Rc1 Ke5 54. Re1+ Kf5 55. Rc1 Ke5 56. Re1+ Kf5 57. Re4 Ra5 58. Re2 Rc5 59. Rc2 Ke5 60. Re2+ Kf5 61. Rc2 Ke5 62. Re2+ 1/2-1/2

[Event "Menorca op-A 4th"]
[Site "Ciutadella"]
[Date "2025.04.24"]
[Round "5"]
[White "Prraneeth, Vuppala"]
[Black "Ibarra Jerez, Jose Carlos"]
[Result "0-1"]
[WhiteElo "2433"]
[BlackElo "2559"]
[PlyCount "96"]
[EventDate "2025.04.22"]
[EventType "swiss"]
[EventRounds "9"]
[EventCountry "ESP"]
[SourceTitle "CB18_2025"]
[SourceDate "2025.04.30"]
[SourceVersion "1"]
[SourceVersionDate "2025.04.30"]
[SourceQuality "1"]

1. e4 c5 2. Nf3 e6 3. d4 cxd4 4. Nxd4 Nf6 5. Nc3 Bb4 6. Bd3 e5 7. Nf5 0-0 8. 0-0 Bxc3 9. bxc3 d5 10. Ba3 dxe4 11. Ne7+ Kh8 12. Nxc8 exd3 13. Nd6 Qd7 14. Nxb7 Rc8 15. Nd6 Rxc3 16. Bb4 Rxc2 17. Qxd3 Rc7 18. Ba5 Rc5 19. Bb4 Rd5 20. Qc4 Qe6 21. Rac1 Nbd7 22. Qa6 e4 23. Rc6 Ne5 24. Rc7 Kg8 25. Qb7 Rf8 26. Nxf7 Nxf7 27. Bxf8 Kxf8 28. Qxa7 Ne8 29. Qa3+ Nfd6 30. Rc5 Rd3 31. Rc3 Rxc3 32. Qxc3 Qxa2 33. f3 Qa7+ 34. Kh1 Nf6 35. fxe4 Ndxe4 36. Qb4+ Ke8 37. Qb5+ Kd8 38. Qf5 Qd4 39. Qf4 h5 40. h3 g5 41. Qb8+ Ke7 42. Kh2 g4 43. Qc7+ Kf8 44. hxg4 hxg4 45. Qf4 g3+ 46. Kh1 Nf2+ 47. Rxf2 Qd1+ 48. Rf1 Qh5+ 0-1

[Event "Titled Tuesday intern op 01st Apr Early"]
[Site "Chess.com INT"]
[Date "2025.04.01"]
[Round "2"]
[White "Ibarra Jerez, Jose Carlos"]
[Black "Salonen, Aku"]
[Result "1-0"]
[WhiteElo "2559"]
[BlackElo "2233"]
[PlyCount "89"]
[EventDate "2025.04.01"]
[EventType "swiss (blitz)"]
[EventRounds "11"]
[EventCountry "USA"]
[SourceTitle "CB15_2025"]
[SourceDate "2025.04.09"]
[SourceVersion "1"]
[SourceVersionDate "2025.04.09"]
[SourceQuality "1"]

1. e4 c6 2. Nf3 d5 3. d3 g6 4. Qe2 Bg7 5. g3 Bg4 6. Nbd2 e6 7. h3 Bxf3 8. Nxf3 Ne7 9. Bg2 Nd7 10. 0-0 0-0 11. e5 c5 12. h4 Nc6 13. Bf4 Qc7 14. Rfe1 h6 15. c3 b5 16. d4 b4 17. Rac1 bxc3 18. bxc3 Rab8 19. Qd2 Kh7 20. Bf1 Qa5 21. h5 g5 22. Bxg5 hxg5 23. Qxg5 c4 24. Qh4 Qd8 25. Ng5+ Kh6 26. f4 Ne7 27. g4 Rb2 28. Re2 Rxe2 29. Bxe2 Qb6 30. Qg3 f6 31. Nf3 fxe5 32. fxe5 Qb2 33. Qf2 Qxc1+ 34. Kg2 Qf4 35. Qh4 Qe3 36. Bd1 Kh7 37. Qxe7 Nb6 38. g5 Kh8 39. h6 Bxh6 40. gxh6 Qxh6 41. Bc2 Rg8+ 42. Kf2 Qf4 43. Qxe6 Qg3+ 44. Ke3 Qg7 45. Qh3+ 1-0

[Event "Titled Tuesday intern op 01st Apr Early"]
[Site "Chess.com INT"]
[Date "2025.04.01"]
[Round "3"]
[White "Maghsoodloo, Parham"]
[Black "Ibarra Jerez, Jose Carlos"]
[Result "1-0"]
[WhiteElo "2677"]
[BlackElo "2559"]
[PlyCount "75"]
[EventDate "2025.04.01"]
[EventType "swiss (blitz)"]
[EventRounds "11"]
[EventCountry "USA"]
[SourceTitle "CB15_2025"]
[SourceDate "2025.04.09"]
[SourceVersion "1"]
[SourceVersionDate "2025.04.09"]
[SourceQuality "1"]

1. d4 Nf6 2. c4 d6 3. g3 g6 4. Bg2 Bg7 5. e4 c5 6. d5 b5 7. cxb5 a6 8. bxa6 Bxa6 9. Nc3 Nfd7 10. f4 Nb6 11. Nge2 0-0 12. 0-0 Nc4 13. b3 Qa5 14. Rf3 Na3 15. Bd2 Bxe2 16. Nxe2 Qa6 17. Bc3 Nd7 18. Bf1 Qb6 19. Kg2 Rfc8 20. Bxg7 Kxg7 21. Rc1 Nf6 22. Nc3 c4 23. e5 Ng4 24. Qe2 cxb3 25. axb3 dxe5 26. h3 e4 27. Qxe4 Nf6 28. Qe5 Qd8 29. g4 Kg8 30. Re1 Rab8 31. g5 Nh5 32. Ne4 Rc2+ 33. Re2 Rbc8 34. Rff2 Rxe2 35. Bxe2 Nc2 36. Bxh5 gxh5 37. Ng3 h4 38. Nf5 1-0

[Event "Titled Tuesday intern op 01st Apr Early"]
[Site "Chess.com INT"]
[Date "2025.04.01"]
[Round "6"]
[White "Novosel, Lovro"]
[Black "Ibarra Jerez, Jose Carlos"]
[Result "0-1"]
[WhiteElo "2353"]
[BlackElo "2559"]
[PlyCount "98"]
[EventDate "2025.04.01"]
[EventType "swiss (blitz)"]
[EventRounds "11"]
[EventCountry "USA"]
[SourceTitle "CB15_2025"]
[SourceDate "2025.04.09"]
[SourceVersion "1"]
[SourceVersionDate "2025.04.09"]
[SourceQuality "1"]

1. d4 d6 2. Nf3 Nf6 3. c4 g6 4. g3 Bf5 5. Bg2 Bg7 6. 0-0 0-0 7. Nc3 Ne4 8. Nb1 Nf6 9. Nc3 Nc6 10. b3 Ne4 11. Bb2 Nxc3 12. Bxc3 Be4 13. e3 d5 14. Re1 a5 15. Bh3 Nb4 16. Bxb4 axb4 17. Ng5 e6 18. Nxe4 dxe4 19. Bg2 f5 20. Qd2 c5 21. Rad1 Qa5 22. Re2 Rfd8 23. d5 Bc3 24. Qc2 exd5 25. cxd5 Qc7 26. f3 exf3 27. Bxf3 Ra6 28. e4 fxe4 29. Qxe4 Rf6 30. Bg4 Kg7 31. Qe7+ Qxe7 32. Rxe7+ Rf7 33. Rxf7+ Kxf7 34. Be6+ Ke7 35. Rf1 Bf6 36. Kg2 Ra8 37. Rf2 b5 38. Bg4 Be5 39. Be6 c4 40. Kf3 Kd6 41. Ke4 Ba1 42. Rc2 c3 43. Rf2 Bb2 44. Kd3 Rxa2 45. Rf7 Ra1 46. Rd7+ Ke5 47. Rxh7 Rd1+ 48. Ke2 c2 49. Rc7 c1R 0-1